Music Quiz

Random Music Quiz

Reel Big Fish Songs Quiz Stats

Quiz not verified by Sporcle

Also try: Find the Albums!
Challenge
Share
Tweet
Embed
Score 0/116 Timer 10:00
0 Plays Today
Album Song % Correct
Everything SucksBeer
89.5%
Turn the Radio OffBeer
89.5%
Turn the Radio OffSell Out
87.2%
Turn the Radio OffShe Has a Girlfriend Now
84.2%
Turn the Radio OffEverything Sucks
84.2%
Cheer Up!Cheer Up
78.9%
Everything SucksTrendy
76.7%
Turn the Radio OffTrendy
76.7%
Turn the Radio OffS.R.
76.7%
Cheer Up!Where Have You Been?
75.9%
Everything SucksI'm Cool
72.9%
Everything SucksHate You
72.9%
Why Do They Rock So Hard?Take On Me
72.9%
Why Do They Rock So Hard?I'm Cool
72.9%
Monkeys for Nothing and Chimps for FreeHate You
72.9%
Cheer Up!Ban the Tube Top
72.2%
Everything SucksI Want Your Girlfriend to Be My Girlfriend Too
71.4%
Why Do They Rock So Hard?I Want Your Girlfriend to Be My Girlfriend Too
71.4%
Everything SucksSnoop Dog, Baby
69.9%
Turn the Radio OffSnoop Dog, Baby
69.9%
Turn the Radio Off241
69.9%
Why Do They Rock So Hard?Thank You for Not Moshing
69.9%
We're Not Happy 'til You're HappyDon't Start a Band
69.9%
We're Not Happy 'til You're HappyTurn the Radio Off
69.9%
Monkeys for Nothing and Chimps for FreeAnother F.U. Song
69.9%
Everything SucksJoin the Club
69.2%
Everything SucksCall You
69.2%
Everything SucksSkatanic
69.2%
Turn the Radio OffJoin the Club
69.2%
Turn the Radio OffSkatanic
69.2%
Monkeys for Nothing and Chimps for FreeCall You
69.2%
Everything SucksWhy Do All Girls Think They're Fat?
68.4%
Everything SucksSay 'Ten'
68.4%
Turn the Radio OffSay 'Ten'
68.4%
Why Do They Rock So Hard?Scott's a Dork
68.4%
Monkeys for Nothing and Chimps for FreeWhy Do All Girls Think They're Fat?
68.4%
Turn the Radio OffNothin'
66.9%
Cheer Up!Drunk Again
66.9%
We're Not Happy 'til You're HappyThe Fire
66.2%
Album Song % Correct
Cheer Up!Good Thing
65.4%
Cheer Up!Suckers
65.4%
We're Not Happy 'til You're HappyYour Guts (I Hate 'em)
65.4%
Monkeys for Nothing and Chimps for FreeParty Down
65.4%
Fame, Fortune, and FornicationBrown Eyed Girl
65.4%
Everything SucksBoyfriend
64.7%
Everything SucksBig ****' Star
64.7%
Everything SucksI'm Her Man
64.7%
Why Do They Rock So Hard?Big Star
64.7%
Cheer Up!Valerie
64.7%
Monkeys for Nothing and Chimps for FreeI'm Her Man
64.7%
Monkeys for Nothing and Chimps for FreeCannibal
64.7%
Everything SucksI'll Never Be
63.9%
Everything SucksFo' Head
63.9%
Everything SucksSpin the Globe
63.9%
Turn the Radio OffI'll Never Be
63.9%
Cheer Up!Dateless Losers
63.9%
Fame, Fortune, and FornicationMonkey Man
63.9%
Turn the Radio OffAll I Want Is More
63.2%
Why Do They Rock So Hard?The Set Up (You Need This)
63.2%
Monkeys for Nothing and Chimps for FreeSlow Down
63.2%
Fame, Fortune, and FornicationTalk Dirty to Me
63.2%
Why Do They Rock So Hard?Somebody Hates Me
62.4%
Cheer Up!Kiss Me Deadly
62.4%
We're Not Happy 'til You're HappyDrinkin'
62.4%
Everything SucksJig
60.9%
Everything Sucks**** Yourself
60.9%
Cheer Up!Boss DJ
60.9%
Everything SucksSuper Hero #5
60.2%
Turn the Radio OffAlternative, Baby
60.2%
Cheer Up!New York, New York
60.2%
Cheer Up!Somebody Loved Me
59.4%
Fame, Fortune, and FornicationWon't Back Down
59.4%
Everything SucksGo Away
58.6%
Fame, Fortune, and FornicationVeronica Sawyer
58.6%
Why Do They Rock So Hard?Song #3
57.9%
Why Do They Rock So Hard?The Kids Don't Like It
57.9%
We're Not Happy 'til You're HappyA-W-E-S-O-M-E
57.9%
Monkeys for Nothing and Chimps for FreeEverybody's Drunk
57.1%
Album Song % Correct
Why Do They Rock So Hard?We Care
56.4%
We're Not Happy 'til You're HappyLast Show
56.4%
Fame, Fortune, and FornicationNothin' but a Good Time
56.4%
Turn the Radio OffSecret Song
55.6%
Monkeys for Nothing and Chimps for FreeThe New Version of You
55.6%
Cheer Up!A Little Doubt Goes a Long Way
54.1%
Cheer Up!Rock and Roll Is Bitchin'
54.1%
We're Not Happy 'til You're HappySay Goodbye
54.1%
Why Do They Rock So Hard?She's Famous Now
53.4%
We're Not Happy 'til You're HappyTalkin' 'bout a Revolution
53.4%
We're Not Happy 'til You're HappyThe Bad Guy
53.4%
Monkeys for Nothing and Chimps for FreeAnother Day In Paradise
53.4%
Fame, Fortune, and FornicationMama We're All Crazy Now
52.6%
We're Not Happy 'til You're HappyOne Hit Wonderful
51.1%
Why Do They Rock So Hard?Victory Over Peter Bones (The Legend of Alan Guile Versus Peter Bones)
50.4%
Cheer Up!Sayonara Señorita
50.4%
Monkeys for Nothing and Chimps for FreePlease Don't Tell Her I Have A Girlfriend
50.4%
Fame, Fortune, and FornicationAuthority Song
49.6%
We're Not Happy 'til You're HappyWe Hate It When Our Friends Become Successful
48.9%
Why Do They Rock So Hard?Brand New Song
48.1%
Why Do They Rock So Hard?Everything Is Cool
48.1%
Monkeys for Nothing and Chimps for FreeWill the Revolution Come?
48.1%
Cheer Up!Brand New Hero
46.6%
Cheer Up!What Are Friends For
45.9%
Fame, Fortune, and FornicationTwist and Crawl
45.9%
Monkeys for Nothing and Chimps for Free'Til I Hit the Ground
44.4%
Fame, Fortune, and FornicationThe Long Run
44.4%
Fame, Fortune, and FornicationKeep a Cool Head
43.6%
Cheer Up!Average Man
42.9%
Monkeys for Nothing and Chimps for FreeMy Imaginary Friend
42.1%
Why Do They Rock So Hard?Down in Flames
41.4%
Why Do They Rock So Hard?You Don't Know
40.6%
We're Not Happy 'til You're HappyStory of My Life
40.6%
Cheer Up!Rock It With I
37.6%
We're Not Happy 'til You're HappyThe Joke's on Me
36.1%
Monkeys for Nothing and Chimps for FreeWay Back
32.3%
Cheer Up!Give It To Me
28.6%
Monkeys for Nothing and Chimps for FreeLive Your Dream
27.1%

You're not logged in!

Compare scores with friends on all Sporcle quizzes.
Join for Free
OR
Log In

You Might Also Like...

Show Comments

Extras

Created Aug 24, 2010ReportNominate

Top Quizzes Today


Score Distribution

Your Account Isn't Verified!

In order to create a playlist on Sporcle, you need to verify the email address you used during registration. Go to your Sporcle Settings to finish the process.

Report this User

Report this user for behavior that violates our Community Guidelines.

Details: